Blogs, trucos del blogger: más de 300 trucos y consejos (Registro nro. 9711)
[ vista simple ]
| 000 -CABECERA | |
|---|---|
| campo de control de longitud fija | 00828nam a22002897a 4500 |
| 005 - FECHA Y HORA DE ACTUALIZACIÓN | |
| campo de control | 20230613185700.0 |
| 008 - LONGITUD FIJA | |
| campo de control de longitud fija | 170810b2014 xxu||||| |||| 00| 0 spa d |
| 020 ## - INTERNATIONAL STANDARD BOOK NUMBER | |
| Número Internacional Estándar del Libro | 9789587622102 |
| 041 ## - IDIOMA | |
| Código de idioma del texto/pista de sonido o título separado | Español |
| 082 ## - CLASIFICACIÓN DECIMAL DEWEY | |
| Número de clasificación | 004.678 M971b |
| 100 ## - AUTOR PERSONAL | |
| Nombre de persona | Muñiz Troyano, Javier |
| 245 ## - TÍTULO PROPIAMENTE DICHO | |
| Título | Blogs, trucos del blogger: más de 300 trucos y consejos |
| 260 ## - PIE DE IMPRENTA | |
| Lugar de publicación, distribución, etc. | Colombia |
| 260 ## - PIE DE IMPRENTA | |
| Nombre del editor, distribuidor, etc. | Ediciones de la U. |
| 260 ## - PIE DE IMPRENTA | |
| Fecha de publicación, distribución, etc. | 2014 |
| 300 ## - DESCRIPCIÓN FÍSICA | |
| Extensión | 312 páginas |
| 650 ## - Materia General | |
| Materia general | INTERNET |
| 650 ## - Materia General | |
| Materia general | BLOGS |
| 650 ## - Materia General | |
| Materia general | TECNOLOGÍA DE LA INFORMACIÓN |
| 650 ## - Materia General | |
| Materia general | CONFIGURACIÓN INICIAL |
| 650 ## - Materia General | |
| Materia general | PLUGIN |
| 650 ## - Materia General | |
| Materia general | ADMINISTRACIÓN DE USUARIOS |
| 650 ## - Materia General | |
| Materia general | SEGURIDAD |
| 650 ## - Materia General | |
| Materia general | GESTIÓN PROFESIONAL |
| 650 ## - Materia General | |
| Materia general | TRUCOS DEL BLOGUERO |
| 942 ## - Punto de Acceso Adicional Koha | |
| Tipo de ítem Koha | Libro |
| Estado perdido | Estado dañado | No para préstamo | Biblioteca permanente | Biblioteca actual | Signatura completa | Código de barras | Precio efectivo a partir del | Tipo de ítem |
|---|---|---|---|---|---|---|---|---|
| Departamento de Biblioteca y Documentación Alfonso Chase Brenes | Departamento de Biblioteca y Documentación Alfonso Chase Brenes | 004.678 M971b | 22509 | 10/08/2017 | Libro | |||
| Departamento de Biblioteca y Documentación Alfonso Chase Brenes | Departamento de Biblioteca y Documentación Alfonso Chase Brenes | 004.678 M971b | 25187 | 01/02/2021 | Libro |